MARC

LEADER 00000nam0a2200000 4500
001 272648
005 20231101234544.0
020 |a RU  |b 87-65346 
035 |a (RuTPU)RU\TPU\book\295855 
090 |a 272648 
100 |a 20141020d1987 k y0rusy5003 ca 
101 0 |a rus 
102 |a RU 
105 |a a z 001zy 
200 1 |a Тепломассоперенос в дисперсных средах при промерзании  |f Н. Н. Кожевников 
210 |a Иркутск  |c Изд-во Иркутского ун-та  |d 1987 
215 |a 188 с.  |c ил. 
320 |a Библиогр.: с. 170-185 (234 назв.) 
606 1 |a Дисперсные системы  |x Переноса явления  |2 stltpush  |3 (RuTPU)RU\TPU\subj\9624  |9 36833 
610 1 |a тепломассоперенос 
610 1 |a грунты 
610 1 |a промерзание 
610 1 |a вспучивание 
610 1 |a дисперсные материалы 
610 1 |a коагуляция 
610 1 |a физические процессы 
610 1 |a фазовые превращения 
675 |a 544.77:53  |z rus  |v 4 
700 1 |a Кожевников  |b Н. Н.  |g Николай Николаевич  |4 070 
801 0 |a RU  |b RuMRKP  |c 19950417  |g psbo 
801 1 |a RU  |b 63413507  |c 20141020 
801 2 |a RU  |b 63413507  |c 20170317  |g RCR 
942 |c BK